000 00337 a2200157 4500
001 175895
020 _a
040 _cMagnum
100 _aNascimento, Abdias
240 1 0 _aSitiado em lagos
_lpor
245 1 0 _aSitiado em lagos
362 0 _a1899
440 1 _aNova Fronteira
697 _aMAGNITO: PROBLEMAS SOCIAIS
942 _cBK
999 _c175895
_d175895